000
00266nam a22001097a 4500
008
160704b xxu||||| |||| 00| 0 eng d
100
_9
1977
_a
Alcott, L.M
245
_a
Little Women
260
_a
N.Y
_b
Children's Classics
300
_a
Little Women
942
_2
ddc
_c
BK
999
_c
1680
_d
1680